000 00277nam a22001097a 4500
008 170116b xxu||||| |||| 00| 0 eng d
020 _a0131597000
041 _aeng
080 _27TH
_a618.2
245 _aLABORATORY TESTS AND DIAGNOSTIC PROCEDURES
_cCORBETT, J.V
942 _2udc
_cBK
999 _c2906
_d2906